000 00296nam a2200145Ia 4500
100 _aKIR/DHANANJAY
650 _aGeneral
942 _cBK
366 _f20
245 _aSWATANTRYAVEER SAVARKAR
260 _bPopular Prakashan
_c2012
082 _a920/KIR
300 _a476
546 _aENGLISH
999 _c23177
_d23177